| 000 | 00000nam##2200000za#4500 |
| 001 | 9.681010 |
| 003 | CaOODSP |
| 005 | 20200401075020 |
| 007 | ta |
| 008 | 150407|2000||||xxc||||| f|0| 0 fre|d |
| 020 | |a0-662-84286-3 |
| 040 | |aCaOODSP|bfre |
| 043 | |an-cn--- |
| 086 | 1 |aM92-178/2000F |
| 110 | 1 |aCanada.|bRessources naturelles Canada. |bDirection des ressources énergétiques. |
| 245 | 10|aIntroduction aux chauffe-eau solaires |
| 260 | |aOttawa - Ontario : |bRessources naturelles Canada. |c2000. |
| 500 | |aN.B.: Le numéro de catalogue (M27-01-1321F) imprimé dans cette publication est incorrect. |
| 563 | |aDépliant |
| 590 | |a00-31|b2000-08-04 |
| 691 | 07|aÉnergie solaire|2gcpds |
| 691 | 07|aChauffage solaire|2gcpds |
| 775 | 08|tAn introduction to solar water heating systems |w(CaOODSP)9.647599 |
| 776 | 0#|tIntroduction aux chauffe-eau solaires |w(CaOODSP)9.639566 |